| 000 | 00805nam a2200217 i 4500 | ||
|---|---|---|---|
| 001 | 115558 | ||
| 003 | ES-MaACL | ||
| 005 | 20251111142758.0 | ||
| 007 | t| | ||
| 008 | 070315s1929 mx ||||1| spa d | ||
| 080 | _a012 Sigüenza y Góngora, Carlos de | ||
| 100 | 1 |
_aLeonard, Irving A. _971666 |
|
| 245 | 1 | 0 |
_aEnsayo bibliográfico de Don Carlos de Sigüenza y Góngora / _cpor Irving A. Leonard. |
| 260 |
_aMéxico : _b[s.n.], _c1929 ( _fImp. de la Secretaría de Relaciones Exteriores) |
||
| 300 |
_aX, 65 p. ; _c20 cm. |
||
| 490 | 1 |
_aMonografías bibliográficas mexicanas ; _v15 |
|
| 600 | 0 | 4 |
_aSigüenza y Góngora, Carlos de, _d1645-1700- _vBibliografías _9106319 |
| 830 | 0 |
_aMonografías bibliográficas mexicanas ; _v15 _9186305 |
|
| 852 |
_aES-MaACL _jB-13416 |
||
| 999 |
_c115558 _d115558 |
||